[Event "18. Obert Int. Sant Marti 2016"]
[Site "Barcelona ESP"]
[Date "2016.07.14"]
[Round "2.60"]
[White "Nadal Fajardo, Ricard"]
[Black "Jove Grau, Lluis"]
[Result "0-1"]
[WhiteElo "1900"]
[BlackElo "2077"]
[PlyCount "30"]
[EventDate "2016.07.13"]
[EventType "swiss"]
[EventRounds "9"]
[EventCountry "ESP"]
[SourceTitle "Ajedrez en Madrid"]
[Source "lmi"]
[SourceDate "2016.07.13"]
[SourceVersion "1"]
[SourceVersionDate "2019.06.21"]
[SourceQuality "1"]

1. e4 c5 2. Nf3 Nc6 3. d4 cxd4 4. Nxd4 Nf6 5. Nc3 d6 6. Be3 e6 7. Be2 Be7 8.
Qd2 a6 9. O-O-O Bd7 10. g4 Nxd4 11. Bxd4 e5 12. Be3 Bxg4 13. Rhg1 Be6 14. Rxg7
Qa5 15. Kb1 Nxe4 0-1

[Event "18. Obert Int. Sant Marti 2016"]
[Site "Barcelona ESP"]
[Date "2016.07.14"]
[Round "2.61"]
[White "Saiz Rodrigo, Fernando"]
[Black "Masferrer Niubo, Enric"]
[Result "0-1"]
[WhiteElo "1873"]
[BlackElo "2054"]
[PlyCount "60"]
[EventDate "2016.07.13"]
[EventType "swiss"]
[EventRounds "9"]
[EventCountry "ESP"]
[SourceTitle "Ajedrez en Madrid"]
[Source "lmi"]
[SourceDate "2016.07.13"]
[SourceVersion "1"]
[SourceVersionDate "2019.06.21"]
[SourceQuality "1"]

1. e4 e5 2. Nc3 Nf6 3. g3 c6 4. Nf3 d5 5. exd5 e4 6. Ng5 cxd5 7. Bg2 h6 8. Nh3
Bg4 9. Ne2 Qd7 10. Nhg1 Bc5 11. d4 exd3 12. Qxd3 O-O 13. Be3 Na6 14. Bxc5 Nxc5
15. Qd4 Ne6 16. Qd2 Qb5 17. O-O-O Qa6 18. Kb1 Rac8 19. f3 Bf5 20. Rc1 Rxc2 21.
Rxc2 Rc8 22. Nc3 Bxc2+ 23. Qxc2 d4 24. Nge2 dxc3 25. Nxc3 Nd5 26. Rd1 Ne3 27.
Qd2 Nxd1 28. Qxd1 Rd8 29. Nd5 Qd6 30. f4 Nc7 0-1

[Event "18. Obert Int. Sant Marti 2016"]
[Site "Barcelona ESP"]
[Date "2016.07.14"]
[Round "2.62"]
[White "Guix Torres, David"]
[Black "Pistol, Mats-Erik"]
[Result "1-0"]
[WhiteElo "2052"]
[BlackElo "1810"]
[PlyCount "83"]
[EventDate "2016.07.13"]
[EventType "swiss"]
[EventRounds "9"]
[EventCountry "ESP"]
[SourceTitle "Ajedrez en Madrid"]
[Source "lmi"]
[SourceDate "2016.07.13"]
[SourceVersion "1"]
[SourceVersionDate "2019.06.21"]
[SourceQuality "1"]

1. e4 e5 2. Nf3 Nc6 3. Bc4 Bc5 4. c3 d6 5. d4 exd4 6. cxd4 Bb6 7. h3 Nf6 8. Nc3
h6 9. O-O O-O 10. Bf4 Re8 11. Re1 a6 12. a3 Ba7 13. Qd2 b5 14. Ba2 Bb7 15. Bxh6
gxh6 16. Qxh6 Bxd4 17. Nxd4 Nxd4 18. Re3 Nf5 19. exf5 Rxe3 20. fxe3 Qe7 21. Re1
Qe5 22. Qg6+ Kh8 23. Bxf7 Rf8 24. Qh6+ Nh7 25. Bg6 Qg7 26. Qxh7+ Qxh7 27. Bxh7
Kxh7 28. e4 Kg7 29. g4 Re8 30. Kf2 Re5 31. Re3 c5 32. Rd3 b4 33. axb4 cxb4 34.
Rxd6 Bc8 35. Nd5 Rxe4 36. Rc6 Rd4 37. Nb6 Rd2+ 38. Kg3 Bxf5 39. gxf5 Rxb2 40.
Nc4 Ra2 41. f6+ Kf7 42. Ne5+ 1-0

[Event "18. Obert Int. Sant Marti 2016"]
[Site "Barcelona ESP"]
[Date "2016.07.14"]
[Round "2.63"]
[White "Colome Rovira, Oscar"]
[Black "Asensio Linan, Teodoro"]
[Result "0-1"]
[WhiteElo "1799"]
[BlackElo "2050"]
[PlyCount "60"]
[EventDate "2016.07.13"]
[EventType "swiss"]
[EventRounds "9"]
[EventCountry "ESP"]
[SourceTitle "Ajedrez en Madrid"]
[Source "lmi"]
[SourceDate "2016.07.13"]
[SourceVersion "1"]
[SourceVersionDate "2019.06.21"]
[SourceQuality "1"]

1. e4 e6 2. d4 d5 3. Nc3 Nf6 4. Bg5 dxe4 5. Nxe4 Be7 6. Bxf6 gxf6 7. Nf3 f5 8.
Ned2 c5 9. Bb5+ Nc6 10. Bxc6+ bxc6 11. dxc5 Qa5 12. O-O Qxc5 13. Re1 Bf6 14. b4
Qxb4 15. Rb1 Qa4 16. Nb3 O-O 17. Ne5 Qxa2 18. Qc1 Qa4 19. Re3 f4 20. Re1 Bxe5
21. Rxe5 f6 22. Rh5 e5 23. c4 Bg4 24. Rh4 Bf5 25. Nc5 Qa5 26. Nb3 Qb4 27. Rb2
Rab8 28. g4 Bg6 29. Qd1 f3 30. Qxf3 Qe1+ 0-1

[Event "18. Obert Int. Sant Marti 2016"]
[Site "Barcelona ESP"]
[Date "2016.07.14"]
[Round "2.64"]
[White "Scalzi Evans, Federico"]
[Black "Varela Cuadrado, Cesar"]
[Result "1-0"]
[WhiteElo "2050"]
[BlackElo "1753"]
[PlyCount "57"]
[EventDate "2016.07.13"]
[EventType "swiss"]
[EventRounds "9"]
[EventCountry "ESP"]
[SourceTitle "Ajedrez en Madrid"]
[Source "lmi"]
[SourceDate "2016.07.13"]
[SourceVersion "1"]
[SourceVersionDate "2019.06.21"]
[SourceQuality "1"]

1. d4 Nf6 2. c4 g6 3. Nc3 Bg7 4. e4 d6 5. f3 O-O 6. Be3 Nbd7 7. Qd2 e5 8. Nge2
a6 9. d5 Nh5 10. g4 Nf4 11. Nxf4 exf4 12. Bxf4 Ne5 13. Be2 Qh4+ 14. Bg3 Qh3 15.
O-O-O Bh6 16. g5 Bg7 17. f4 Nd7 18. f5 gxf5 19. exf5 Qxf5 20. Rdf1 Bxc3 21.
bxc3 Qg6 22. h4 Nc5 23. h5 Qg7 24. h6 Qg6 25. Rf6 Qe4 26. Rh4 Re8 27. Rxe4 Nxe4
28. Qd4 Kf8 29. Rxf7+ 1-0

[Event "18. Obert Int. Sant Marti 2016"]
[Site "Barcelona ESP"]
[Date "2016.07.14"]
[Round "2.65"]
[White "Tateo, Ida"]
[Black "Dardha, Daniel"]
[Result "0-1"]
[WhiteElo "1275"]
[BlackElo "2035"]
[PlyCount "58"]
[EventDate "2016.07.13"]
[EventType "swiss"]
[EventRounds "9"]
[EventCountry "ESP"]
[SourceTitle "Ajedrez en Madrid"]
[Source "lmi"]
[SourceDate "2016.07.13"]
[SourceVersion "1"]
[SourceVersionDate "2019.06.21"]
[SourceQuality "1"]

1. e4 d5 2. exd5 Nf6 3. Nc3 Nxd5 4. d4 g6 5. Bc4 c6 6. Nf3 Bg7 7. h3 O-O 8. O-O
Be6 9. Nxd5 Bxd5 10. Bxd5 cxd5 11. Re1 Nc6 12. c3 e6 13. Bf4 Qd7 14. Qd2 b5 15.
Bh6 Qb7 16. Bxg7 Kxg7 17. h4 h5 18. Ng5 Rfe8 19. Nf3 Rac8 20. Ne5 Re7 21. g4
Nxe5 22. dxe5 hxg4 23. Qg5 Rh8 24. Qf6+ Kg8 25. Re3 Re8 26. Rg3 Rh5 27. Rxg4
Rf5 28. Rxg6+ fxg6 29. Qxg6+ Qg7 0-1

[Event "18. Obert Int. Sant Marti 2016"]
[Site "Barcelona ESP"]
[Date "2016.07.15"]
[Round "3.1"]
[White "Bachmann, Axel"]
[Black "Cuartas, Jaime Alexander"]
[Result "1/2-1/2"]
[WhiteElo "2649"]
[BlackElo "2455"]
[PlyCount "33"]
[EventDate "2016.07.13"]
[EventType "swiss"]
[EventRounds "9"]
[EventCountry "ESP"]
[SourceTitle "Ajedrez en Madrid"]
[Source "lmi"]
[SourceDate "2016.07.13"]
[SourceVersion "1"]
[SourceVersionDate "2019.06.21"]
[SourceQuality "1"]

1. e4 c6 2. Nf3 d5 3. Nc3 Bg4 4. h3 Bxf3 5. Qxf3 Nf6 6. d3 e6 7. Bd2 Nbd7 8. g4
Bb4 9. O-O-O d4 10. Nb1 a5 11. g5 Ng8 12. Qg3 Ne7 13. h4 Qb6 14. Bf4 Qb5 15.
Bh3 Ng6 16. Bd2 Qe5 17. Rdg1 1/2-1/2

[Event "18. Obert Int. Sant Marti 2016"]
[Site "Barcelona ESP"]
[Date "2016.07.15"]
[Round "3.2"]
[White "Debashis, Das"]
[Black "Peralta, Fernando"]
[Result "0-1"]
[WhiteElo "2451"]
[BlackElo "2588"]
[PlyCount "88"]
[EventDate "2016.07.13"]
[EventType "swiss"]
[EventRounds "9"]
[EventCountry "ESP"]
[SourceTitle "Ajedrez en Madrid"]
[Source "lmi"]
[SourceDate "2016.07.13"]
[SourceVersion "1"]
[SourceVersionDate "2019.06.21"]
[SourceQuality "1"]

1. d4 e6 2. c4 Bb4+ 3. Bd2 Bxd2+ 4. Qxd2 Nf6 5. Nc3 d5 6. Nf3 O-O 7. Qf4 dxc4
8. e4 Nc6 9. O-O-O b5 10. Nxb5 Rb8 11. Bxc4 Ba6 12. Na3 Bxc4 13. Nxc4 Qe7 14.
Qe3 Qb4 15. b3 a5 16. d5 exd5 17. exd5 Ne7 18. Qd2 Nexd5 19. Qxb4 axb4 20. Kb2
Nc3 21. Rd4 c5 22. Rd2 Nfe4 23. Rc2 Rfd8 24. Ka1 Ra8 25. Re1 Rd1+ 26. Rxd1 Nxd1
27. Nfd2 Ndxf2 28. Nxe4 Nxe4 29. Nd2 Nxd2 30. Rxd2 g6 31. Rd5 Rc8 32. Kb2 h5
33. Kc2 Ra8 34. Kb2 Rc8 35. Kc2 Kg7 36. Kd3 Ra8 37. Rxc5 Rxa2 38. Rc2 Rxc2 39.
Kxc2 h4 40. Kd3 f5 41. Kc4 f4 42. h3 g5 43. Kd4 Kf6 44. Ke4 Ke6 0-1

[Event "18. Obert Int. Sant Marti 2016"]
[Site "Barcelona ESP"]
[Date "2016.07.15"]
[Round "3.3"]
[White "Li, Di"]
[Black "Libiszewski, Fabien"]
[Result "1-0"]
[WhiteElo "2426"]
[BlackElo "2542"]
[PlyCount "83"]
[EventDate "2016.07.13"]
[EventType "swiss"]
[EventRounds "9"]
[EventCountry "ESP"]
[SourceTitle "Ajedrez en Madrid"]
[Source "lmi"]
[SourceDate "2016.07.13"]
[SourceVersion "1"]
[SourceVersionDate "2019.06.21"]
[SourceQuality "1"]

1. Nf3 Nf6 2. d4 d5 3. c4 e6 4. g3 Be7 5. Bg2 O-O 6. Qc2 dxc4 7. Qxc4 b6 8. Ne5
Ba6 9. Qb3 c6 10. Qd1 Nd5 11. O-O Qc7 12. Nc3 Nd7 13. Qa4 Bb7 14. Nxd5 exd5 15.
Bf4 Nxe5 16. Bxe5 Qd7 17. Bf4 Bf6 18. Rac1 Rfe8 19. Rfe1 a5 20. Rcd1 Qe7 21. e4
Qb4 22. Qxb4 axb4 23. Bc7 dxe4 24. Bxe4 g6 25. Bxb6 Rxa2 26. Bd3 Rb8 27. b3 Ba6
28. Bc5 Bxd3 29. Rxd3 Rc2 30. Rde3 Kg7 31. Re8 Rxe8 32. Rxe8 g5 33. Rb8 g4 34.
Rxb4 h5 35. Rc4 Rb2 36. b4 Kg6 37. Kg2 Kf5 38. d5 h4 39. Rf4+ Kg5 40. dxc6 h3+
41. Kf1 Rb1+ 42. Ke2 1-0

[Event "18. Obert Int. Sant Marti 2016"]
[Site "Barcelona ESP"]
[Date "2016.07.15"]
[Round "3.4"]
[White "Gomez Garrido, Camilo Ernesto"]
[Black "Himanshu, Sharma"]
[Result "1-0"]
[WhiteElo "2541"]
[BlackElo "2389"]
[PlyCount "95"]
[EventDate "2016.07.13"]
[EventType "swiss"]
[EventRounds "9"]
[EventCountry "ESP"]
[SourceTitle "Ajedrez en Madrid"]
[Source "lmi"]
[SourceDate "2016.07.13"]
[SourceVersion "1"]
[SourceVersionDate "2019.06.21"]
[SourceQuality "1"]

1. e4 c5 2. Nf3 Nc6 3. Nc3 d6 4. d4 cxd4 5. Nxd4 Nf6 6. Bg5 e6 7. Qd2 Be7 8.
O-O-O Nxd4 9. Qxd4 O-O 10. h4 Qa5 11. Kb1 Bd7 12. Qd2 Rfd8 13. f3 Bc6 14. Nd5
Qxd2 15. Nxe7+ Kf8 16. Ng6+ hxg6 17. Rxd2 Rd7 18. Be2 Nh7 19. Be3 Ke7 20. b3
Nf8 21. h5 gxh5 22. Rxh5 e5 23. Rh8 Rdd8 24. Bc4 Ne6 25. Rh7 Rg8 26. a4 a6 27.
Rd1 Rh8 28. Rdh1 Rxh7 29. Rxh7 Kf6 30. Kb2 Rc8 31. Rh1 Nf4 32. Bxf4 exf4 33.
Rh4 g5 34. Rh6+ Ke7 35. Rh7 Rf8 36. a5 Kf6 37. Kc3 Kg6 38. Rh1 f5 39. exf5+
Kxf5 40. Re1 Rh8 41. Kd4 Rh2 42. Re2 Kg6 43. b4 Kh5 44. Bd3 Rh1 45. Re7 Kh4 46.
Rh7+ Kg3 47. Rxh1 Kxg2 48. Rh5 1-0

[Event "18. Obert Int. Sant Marti 2016"]
[Site "Barcelona ESP"]
[Date "2016.07.15"]
[Round "3.5"]
[White "Perpinya Rofes, Lluis Maria"]
[Black "Shyam, Sundar M."]
[Result "0-1"]
[WhiteElo "2373"]
[BlackElo "2526"]
[PlyCount "98"]
[EventDate "2016.07.13"]
[EventType "swiss"]
[EventRounds "9"]
[EventCountry "ESP"]
[SourceTitle "Ajedrez en Madrid"]
[Source "lmi"]
[SourceDate "2016.07.13"]
[SourceVersion "1"]
[SourceVersionDate "2019.06.21"]
[SourceQuality "1"]

1. e4 c5 2. Nf3 d6 3. d4 cxd4 4. Nxd4 Nf6 5. Nc3 a6 6. a4 Nc6 7. Be2 e5 8. Nf3
h6 9. Be3 Be6 10. O-O Rc8 11. Qd2 Be7 12. Rfd1 O-O 13. Nh4 Ng4 14. Nf5 Nxe3 15.
Nxe3 Nd4 16. Bg4 Bg5 17. h3 g6 18. Bxe6 fxe6 19. Qd3 Qb6 20. a5 Qxb2 21. Na4
Qb5 22. Nb6 Rc3 23. Qxb5 axb5 24. Rd3 Ne2+ 25. Kf1 Ng3+ 26. Ke1 Nxe4 27. Rxc3
Nxc3 28. Nd1 Ne4 29. Rb1 Bd2+ 30. Ke2 Bxa5 31. Rxb5 Rxf2+ 32. Ke3 Bxb6+ 33.
Rxb6 Rf1 34. Kxe4 Rxd1 35. Rxb7 Rd2 36. Rd7 Rxc2 37. Rxd6 Kf7 38. g4 Kf6 39.
Rd1 Rc4+ 40. Kf3 Rc3+ 41. Kg2 e4 42. Rf1+ Kg5 43. Re1 Kf4 44. Rf1+ Rf3 45. Ra1
Rg3+ 46. Kh2 e3 47. Ra4+ Kf3 48. Ra6 Rg2+ 49. Kh1 Rb2 0-1

[Event "18. Obert Int. Sant Marti 2016"]
[Site "Barcelona ESP"]
[Date "2016.07.15"]
[Round "3.6"]
[White "Gonzalez Rodriguez, Jorge A."]
[Black "Karthikeyan, Murali"]
[Result "0-1"]
[WhiteElo "2310"]
[BlackElo "2513"]
[PlyCount "134"]
[EventDate "2016.07.13"]
[EventType "swiss"]
[EventRounds "9"]
[EventCountry "ESP"]
[SourceTitle "Ajedrez en Madrid"]
[Source "lmi"]
[SourceDate "2016.07.13"]
[SourceVersion "1"]
[SourceVersionDate "2019.06.21"]
[SourceQuality "1"]

1. b3 e5 2. Bb2 d6 3. e3 Nf6 4. Nf3 e4 5. Ng1 d5 6. d3 Bb4+ 7. Nd2 exd3 8. cxd3
O-O 9. Ngf3 Re8 10. Be2 c6 11. O-O Bg4 12. a3 Bd6 13. Nd4 Bxe2 14. Qxe2 Nbd7
15. b4 a5 16. Bc3 axb4 17. axb4 Qb6 18. g3 Rxa1 19. Rxa1 Bxb4 20. Rb1 Qc5 21.
Ba1 Qa5 22. N2f3 Bf8 23. Qc2 Qc7 24. Nb5 Qc8 25. Nbd4 c5 26. Nb5 Qc6 27. Na7
Qa6 28. Nb5 Rc8 29. Nd2 Qe6 30. Kg2 b6 31. Bxf6 Nxf6 32. Qa4 Qf5 33. e4 dxe4
34. dxe4 Qe6 35. Qc4 Qxc4 36. Nxc4 Nxe4 37. f3 Nf6 38. Nxb6 Rd8 39. Nc4 h5 40.
Kf2 Rb8 41. Ke2 Nd5 42. Rd1 Nb4 43. Nc3 Nc6 44. Ne4 Nd4+ 45. Kf2 f6 46. Ned2
Kf7 47. Re1 Rb4 48. Re3 Be7 49. Ra3 Rb7 50. Ra6 Nb3 51. Ne4 Rb4 52. Ned6+ Kg6
53. g4 hxg4 54. fxg4 Bxd6 55. Nxd6 Rxg4 56. Ra7 Nd4 57. Rc7 Rh4 58. Kg2 Rh5 59.
Ne4 Ne6 60. Rc8 Re5 61. Nf2 Kf5 62. h3 Re3 63. h4 g6 64. Nd1 Re4 65. Kg3 Rg4+
66. Kf3 Rxh4 67. Ne3+ Kg5 0-1

[Event "18. Obert Int. Sant Marti 2016"]
[Site "Barcelona ESP"]
[Date "2016.07.15"]
[Round "3.7"]
[White "Narciso Dublan, Marc"]
[Black "Rathanvel, V S."]
[Result "1/2-1/2"]
[WhiteElo "2504"]
[BlackElo "2374"]
[PlyCount "130"]
[EventDate "2016.07.13"]
[EventType "swiss"]
[EventRounds "9"]
[EventCountry "ESP"]
[SourceTitle "Ajedrez en Madrid"]
[Source "lmi"]
[SourceDate "2016.07.13"]
[SourceVersion "1"]
[SourceVersionDate "2019.06.21"]
[SourceQuality "1"]

1. d4 Nf6 2. c4 g6 3. Nc3 d5 4. Nf3 Bg7 5. Bg5 Ne4 6. Bh4 Nxc3 7. bxc3 c5 8.
cxd5 Qxd5 9. e3 Nc6 10. Be2 O-O 11. O-O b6 12. Qa4 Bb7 13. Rfd1 cxd4 14. cxd4
e6 15. Rac1 Na5 16. Ne1 Bc6 17. Qa3 Rfc8 18. Rc2 Bf8 19. Qc1 Qd7 20. Ba6 Bb7
21. Bxb7 Qxb7 22. Rdd2 b5 23. Rxc8 Rxc8 24. Rc2 Rc4 25. h3 Qe4 26. Bg3 Bb4 27.
Rxc4 bxc4 28. Nc2 Bf8 29. Qb2 Nc6 30. Kh2 Ne7 31. Bd6 Nc8 32. Bxf8 Kxf8 33.
Qb4+ Kg7 34. Qxc4 Nb6 35. Qc5 Nd5 36. Qc4 Nb6 37. Qc3 Nd5 38. Qb2 Qd3 39. Ne1
Qf1 40. Nf3 Qc4 41. e4 Nf6 42. Qb7 Qc1 43. Ne5 Qf4+ 44. Kg1 Nxe4 45. Nd3 Qf5
46. Qxa7 Nc3 47. Qa6 Nxa2 48. Qa3 Qd5 49. Qb2 Qc4 50. d5+ Qc3 51. Qxa2 Qxd3 52.
Qa1+ Kg8 53. Qa8+ Kg7 54. Qa1+ Kg8 55. dxe6 fxe6 56. Qa8+ Kg7 57. Qb7+ Kg8 58.
Qc8+ Kf7 59. Qc7+ Kg8 60. Qc8+ Kf7 61. Qh8 g5 62. Qe5 Qb1+ 63. Kh2 Qf5 64. Qb2
Qf4+ 65. g3 Qf5 1/2-1/2

[Event "18. Obert Int. Sant Marti 2016"]
[Site "Barcelona ESP"]
[Date "2016.07.15"]
[Round "3.8"]
[White "Herrera Reyes, Jose Antonio"]
[Black "Oliva Castaneda, Kevel"]
[Result "1/2-1/2"]
[WhiteElo "2253"]
[BlackElo "2493"]
[PlyCount "77"]
[EventDate "2016.07.13"]
[EventType "swiss"]
[EventRounds "9"]
[EventCountry "ESP"]
[SourceTitle "Ajedrez en Madrid"]
[Source "lmi"]
[SourceDate "2016.07.13"]
[SourceVersion "1"]
[SourceVersionDate "2019.06.21"]
[SourceQuality "1"]

1. Nf3 c5 2. g3 Nc6 3. Bg2 g6 4. O-O Bg7 5. d3 d6 6. c3 e5 7. e4 Nge7 8. a3 O-O
9. b4 b6 10. Nbd2 h6 11. Bb2 Be6 12. d4 exd4 13. cxd4 d5 14. bxc5 bxc5 15. e5
Qb6 16. Ra2 cxd4 17. Nb3 Bg4 18. Nbxd4 Nxe5 19. Qa1 Nd3 20. Nc6 Nxb2 21. Nxe7+
Kh8 22. Nxd5 Qa5 23. Ne3 Bxf3 24. Bxf3 Rab8 25. Qe1 Qc5 26. Qe2 Rfe8 27. Rb1
Qd4 28. a4 Nxa4 29. Rxb8 Rxb8 30. Nd5 Nb6 31. Ne7 Qd7 32. Kg2 Re8 33. Rxa7 Qxa7
34. Nxg6+ Kh7 35. Qxe8 Kxg6 36. Qe4+ Kf6 37. Qd4+ Kg6 38. Qe4+ Kf6 39. Qd4+
1/2-1/2

[Event "18. Obert Int. Sant Marti 2016"]
[Site "Barcelona ESP"]
[Date "2016.07.15"]
[Round "3.9"]
[White "Henriquez Villagra, Cristobal"]
[Black "Uribe Arteaga, Daniel"]
[Result "1-0"]
[WhiteElo "2491"]
[BlackElo "2304"]
[PlyCount "71"]
[EventDate "2016.07.13"]
[EventType "swiss"]
[EventRounds "9"]
[EventCountry "ESP"]
[SourceTitle "Ajedrez en Madrid"]
[Source "lmi"]
[SourceDate "2016.07.13"]
[SourceVersion "1"]
[SourceVersionDate "2019.06.21"]
[SourceQuality "1"]

1. e4 g6 2. d4 Bg7 3. Nc3 c6 4. Nf3 d6 5. h3 Nf6 6. Be3 O-O 7. Qd2 b5 8. Bd3
Nbd7 9. e5 b4 10. exf6 bxc3 11. Qxc3 Nxf6 12. Qxc6 Rb8 13. Qa4 Bb7 14. O-O Bxf3
15. gxf3 Qc8 16. Kg2 Nh5 17. Qxa7 e5 18. dxe5 Bxe5 19. Qa4 Rxb2 20. Rab1 Rxb1
21. Rxb1 d5 22. Rb5 d4 23. Rxe5 dxe3 24. Qe4 Nf6 25. Qxe3 Kg7 26. a4 Qc3 27. a5
Rb8 28. Rc5 Qa3 29. Qe5 Re8 30. Qc3 Qc1 31. Re5 Rb8 32. Qe1 Qa3 33. a6 Nd7 34.
Ra5 Qd6 35. a7 Ra8 36. Be4 1-0

[Event "18. Obert Int. Sant Marti 2016"]
[Site "Barcelona ESP"]
[Date "2016.07.15"]
[Round "3.10"]
[White "Arizmendi Martinez, Julen Luis"]
[Black "Vehi Bach, Victor Manuel"]
[Result "1/2-1/2"]
[WhiteElo "2501"]
[BlackElo "2298"]
[PlyCount "55"]
[EventDate "2016.07.13"]
[EventType "swiss"]
[EventRounds "9"]
[EventCountry "ESP"]
[SourceTitle "Ajedrez en Madrid"]
[Source "lmi"]
[SourceDate "2016.07.13"]
[SourceVersion "1"]
[SourceVersionDate "2019.06.21"]
[SourceQuality "1"]

1. e4 c5 2. Nf3 e6 3. Nc3 d6 4. d4 cxd4 5. Nxd4 Nf6 6. Be3 Be7 7. f3 h5 8. Bc4
Nc6 9. Qe2 a6 10. O-O Bd7 11. a3 b5 12. Nxc6 Bxc6 13. Bb3 Qc7 14. Bd4 Qb7 15.
Rad1 a5 16. a4 b4 17. Nb5 Bxb5 18. Qxb5+ Qxb5 19. axb5 O-O 20. Ba4 Nd7 21. f4
Rab8 22. f5 Nb6 23. Bxb6 Rxb6 24. fxe6 fxe6 25. Bb3 Rxf1+ 26. Rxf1 Rxb5 27.
Bxe6+ Kh7 28. b3 1/2-1/2

[Event "18. Obert Int. Sant Marti 2016"]
[Site "Barcelona ESP"]
[Date "2016.07.15"]
[Round "3.11"]
[White "Liu, Chang"]
[Black "Asis Gargatagli, Hipolito"]
[Result "1/2-1/2"]
[WhiteElo "2361"]
[BlackElo "2504"]
[PlyCount "94"]
[EventDate "2016.07.13"]
[EventType "swiss"]
[EventRounds "9"]
[EventCountry "ESP"]
[SourceTitle "Ajedrez en Madrid"]
[Source "lmi"]
[SourceDate "2016.07.13"]
[SourceVersion "1"]
[SourceVersionDate "2019.06.21"]
[SourceQuality "1"]

1. e4 e5 2. Nf3 Nc6 3. Nc3 Nf6 4. d4 exd4 5. Nxd4 Bb4 6. Nxc6 bxc6 7. Bd3 O-O
8. O-O d5 9. exd5 cxd5 10. Bg5 Be6 11. Qf3 Be7 12. h3 Rb8 13. b3 h6 14. Bf4 Bd6
15. Rad1 c5 16. Ne2 Re8 17. Rfe1 Bxf4 18. Nxf4 Qb6 19. Nxe6 Rxe6 20. Rxe6 Qxe6
21. Qe2 Qb6 22. Qd2 Re8 23. Re1 Rxe1+ 24. Qxe1 Qc7 25. a3 g5 26. g3 Kg7 27. Bf5
Qd6 28. Qe2 Ng8 29. Bd3 Ne7 30. h4 gxh4 31. gxh4 Nc6 32. Qg4+ Kf8 33. Kg2 Nd4
34. Qg3 Ke7 35. Qxd6+ Kxd6 36. Kg3 Ke6 37. f4 Kf6 38. Kg4 a5 39. a4 Nc6 40. Kh5
Kg7 41. Kg4 Kf6 42. Kh5 Kg7 43. Kg4 Nd4 44. Kg3 Kf6 45. Kg4 Kg7 46. Kg3 Kf6 47.
Kg4 Kg7 1/2-1/2

[Event "18. Obert Int. Sant Marti 2016"]
[Site "Barcelona ESP"]
[Date "2016.07.15"]
[Round "3.12"]
[White "Dardha, Arben"]
[Black "Alvarez Pedraza, Aramis"]
[Result "0-1"]
[WhiteElo "2330"]
[BlackElo "2484"]
[PlyCount "80"]
[EventDate "2016.07.13"]
[EventType "swiss"]
[EventRounds "9"]
[EventCountry "ESP"]
[SourceTitle "Ajedrez en Madrid"]
[Source "lmi"]
[SourceDate "2016.07.13"]
[SourceVersion "1"]
[SourceVersionDate "2019.06.21"]
[SourceQuality "1"]

1. e4 c5 2. Nf3 e6 3. d4 cxd4 4. Nxd4 a6 5. c4 Nf6 6. Nc3 Qc7 7. a3 b6 8. Be3
Bb7 9. f3 d6 10. Be2 Be7 11. O-O O-O 12. Rc1 Nbd7 13. b4 Rac8 14. Nb3 Qb8 15.
Na4 Bd8 16. Kh1 Bc7 17. c5 dxc5 18. bxc5 Bxh2 19. f4 Bg3 20. Bd3 e5 21. f5 Bf4
22. Qf3 b5 23. Nc3 Bxe3 24. Qxe3 Rc6 25. a4 bxa4 26. Nxa4 Qd8 27. Kg1 Rc8 28.
Rfd1 Bc6 29. Nb6 Nxb6 30. cxb6 Ng4 31. Bxa6 Qxd1+ 32. Rxd1 Nxe3 33. Rd3 Ra8 34.
Nc5 Rxa6 35. Nxa6 Bb5 36. Ra3 Nc4 37. Ra2 Nxb6 38. Nc7 Bd3 39. Rb2 Nc4 40. Rb4
Nd6 0-1

[Event "18. Obert Int. Sant Marti 2016"]
[Site "Barcelona ESP"]
[Date "2016.07.15"]
[Round "3.13"]
[White "Munoz, Miguel"]
[Black "Prince, Bajaj"]
[Result "1/2-1/2"]
[WhiteElo "2477"]
[BlackElo "2279"]
[PlyCount "40"]
[EventDate "2016.07.13"]
[EventType "swiss"]
[EventRounds "9"]
[EventCountry "ESP"]
[SourceTitle "Ajedrez en Madrid"]
[Source "lmi"]
[SourceDate "2016.07.13"]
[SourceVersion "1"]
[SourceVersionDate "2019.06.21"]
[SourceQuality "1"]

1. e4 c5 2. g3 g6 3. Bg2 Bg7 4. Ne2 Nc6 5. c3 e5 6. d3 Nge7 7. Be3 b6 8. c4 d6
9. Nbc3 O-O 10. O-O Be6 11. Qd2 Qd7 12. Bh6 Bh3 13. Bxg7 Kxg7 14. f4 Bxg2 15.
Kxg2 f5 16. Rf2 Rf7 17. Raf1 Raf8 18. Nd5 Nxd5 19. exd5 Nd4 20. Nxd4 exd4
1/2-1/2

[Event "18. Obert Int. Sant Marti 2016"]
[Site "Barcelona ESP"]
[Date "2016.07.15"]
[Round "3.14"]
[White "Glimbrant, Torbjorn"]
[Black "Ortega Amarelle, Mariano"]
[Result "0-1"]
[WhiteElo "2203"]
[BlackElo "2465"]
[PlyCount "132"]
[EventDate "2016.07.13"]
[EventType "swiss"]
[EventRounds "9"]
[EventCountry "ESP"]
[SourceTitle "Ajedrez en Madrid"]
[Source "lmi"]
[SourceDate "2016.07.13"]
[SourceVersion "1"]
[SourceVersionDate "2019.06.21"]
[SourceQuality "1"]

1. d4 Nf6 2. c4 c5 3. Nf3 cxd4 4. Nxd4 e6 5. Nc3 a6 6. a3 b6 7. e4 d6 8. Be2
Bb7 9. f3 Be7 10. O-O O-O 11. Be3 Nbd7 12. Rc1 Qc7 13. b4 Rac8 14. Qd2 Qb8 15.
Rfd1 Bd8 16. b5 a5 17. Qe1 Nc5 18. Qg3 g6 19. Qh3 Nfd7 20. g4 Bf6 21. g5 Bg7
22. Qg2 Rfe8 23. f4 Qa8 24. Bf3 e5 25. Nc6 exf4 26. Bxf4 Bxc6 27. bxc6 Ne5 28.
Bxe5 dxe5 29. Bg4 Rxc6 30. Bd7 Nxd7 31. Rxd7 Qc8 32. Rcd1 Rxc4 33. Qf1 Rf8 34.
Nd5 Qc5+ 35. Kh1 Rxe4 36. Rc1 Qxa3 37. Rcc7 Rf4 38. Nxf4 exf4 39. Qxf4 Qb3 40.
Qc4 a4 41. Kg2 Be5 42. Qxb3 axb3 43. Rb7 b2 44. Rxb6 Rc8 45. h4 Rc1 46. Rdb7
Rc2+ 47. Kf3 Kg7 48. Ke4 Re2+ 49. Kd3 Rh2 50. Re7 Bg3 51. Rbb7 Rf2 52. Re8 Bxh4
53. Rbb8 Bxg5 54. Rg8+ Kh6 55. Rb5 Bf6 56. Rgb8 Rf1 57. Ke2 Rc1 58. Kf3 Be5 59.
R8b7 f6 60. Kg2 Kg5 61. R7b6 h5 62. Rb3 Rc7 63. Kh1 h4 64. R6b5 h3 65. Rg3+ Kf5
66. Rf3+ Ke4 0-1